| 000 | 01246nam a2200313 a 4500 | ||
|---|---|---|---|
| 001 | ocn880393538 | ||
| 005 | 20170608110829.0 | ||
| 008 | 16 s2013 ck ado rb 000 0 spa | ||
| 020 | _a9789588572789 | ||
| 020 | _a9588572789 | ||
| 035 | _a(OCoLC)880393538 | ||
| 040 |
_aCo-BoUCM _bspa _cEdgar Pinilla _dEdgar Pinilla |
||
| 245 | 0 | 0 |
_aInvestigación y problematización _bejercicios didácticos en la docencia universitaria _ceditor Guillermo Londoño Orozco ; prólogo, Carmen Amalia Camacho |
| 250 | _a1a ed. | ||
| 260 |
_aBogotá (Colombia) _bUniversidad de La Salle _c2013 |
||
| 300 |
_a234 páginas _bilustraciones, gráficas, fotografías |
||
| 490 | 0 |
_aColección Docencia Universitaria _v5 |
|
| 504 | _aIncluye referencias bibliográficas | ||
| 650 | 0 | 4 |
_aEnseñanza universitaria _914601 |
| 650 | 0 | 4 |
_aPrácticas de la enseñanza _922153 |
| 650 | 0 | 4 |
_aEducación superior _xInvestigaciones _930042 |
| 650 | 0 | 4 |
_aFormación profesional de maestros _916049 |
| 690 | 0 |
_aEducación superior _9177 |
|
| 700 | 1 |
_aLondoño Orozco, Guillermo _eeditor _979262 |
|
| 700 | 1 |
_aCamacho, Carmen Amalia _eprólogo _979263 |
|
| 942 |
_2DEWEY _a10 _cLIBRO _e1 _h378.125 _mI624 |
||
| 041 | _aspa | ||
| 999 |
_c304212 _d304212 |
||